Allgemeinwissen leicht #5 - Statistiken

Allgemein
  • Dieses Quiz wurde 1.224 mal gespielt
  • Das Durchschnittsergebnis liegt bei 18 aus 20
Antwortstatistiken
Hint Antwort % Korrekt
Wie viele Monate dauert eine Schwagerschaft normalerweise? 9
99%
Von welchem Tier stammen Chicken Wings? Huhn/Hahn
97%
Welches Tier stitzt auf der Schulter eines Piraten? Papagei
95%
Welche Religion hat die meisten Anhänger? Christentum
94%
In welchem Land ist der Espresso entstanden? Italien
94%
Was fressen Riesenpandas in erster Linie? Bambus
93%
Welches Land hat die meisten Fußball-Weltmeisterschaften gewonnen? Brasilien
93%
Welche Randmeer grenzt unteranderem an Dänemark, Deutschland und Niederlande? Nordsee
93%
Welches Kleidungsstück wird bekanntlich von Dracula und Superman getragen? Umhang
92%
Welche Waffe trägt Thor? Hammer
90%
Wofür steht die Abkürzung KZ? Konzentrationslager
89%
Was lässt Brot aufgehen? Hefe
88%
Was ist die zweithäufigste Sprache in den Vereinigten Staaten? Spanisch
88%
Unter welchem Namen ist Dwayne Johnson auch bekannt? The Rock
88%
Was ist die Hauptstadt von Irland? Dublin
87%
Wer sang "Poker Face"? Lady Gaga
87%
Welches Land ist berühmt für Windmühlen? Niederlande/Holland
86%
Welche Religion hat die meisten Anhänger in Indien? Hinduismus
80%
Wer ist Luke Skywalkers Vater? Darth Vader
79%
Welche Form hat SpongeBobs Hose? Quadrat
71%
Keine übereinstimmenden Quizze gefunden
Verteilung der Resultate
Anzahl Personen mit jedem Resultat
Perzentil nach korrekt beantworteten Fragen
Ihre Resultats-Entwicklung
Sie haben dieses Quiz noch nicht gespielt